| 000 | 00413nam a2200145 a 4500 | ||
|---|---|---|---|
| 001 | 870 | ||
| 003 | CDMR | ||
| 005 | 20130705125938.0 | ||
| 008 | 130130s1999||||||||||||||||||||||||||||d | ||
| 040 |
_aCDMR _bcat _cCPC GIRONA |
||
| 100 | 1 |
_aEvrard, Eugéne _9679 |
|
| 245 | 1 | 3 |
_aEl camino de los evadidos belgas en marcha hacia Inglaterra durante la II Guerra Mundial _cE.Evrard |
| 260 |
_c1999 _bManuscrit |
||
| 942 |
_cMON _2udc |
||
| 999 |
_c870 _d870 |
||